Sports Quiz

Random Sports or NHL Quiz

NHL Presidents' Trophy Winners Quiz Stats

 Plays Quiz Updated Jun 1, 2020

Support Sporcle.
Go Orange.
Score 0/34 Timer 05:00
10 Plays Today
Year Team % Correct
2018-19Tampa Bay Lightning
75.5%
1985-86Edmonton Oilers
73.7%
1986-87Edmonton Oilers
72.2%
2019-20Boston Bruins
72%
2007-08Detroit Red Wings
67.4%
2016-17Washington Capitals
64.3%
2015-16Washington Capitals
58.2%
2017-18Nashville Predators
56.4%
2005-06Detroit Red Wings
54.7%
2012-13Chicago Blackhawks
52.2%
2001-02Detroit Red Wings
51.7%
1995-96Detroit Red Wings
50.8%
1987-88Calgary Flames
50.4%
2003-04Detroit Red Wings
49.6%
2011-12Vancouver Canucks
47.5%
1988-89Calgary Flames
46.2%
1994-95Detroit Red Wings
45.5%
Year Team % Correct
1993-94New York Rangers
44.7%
2013-14Boston Bruins
42.2%
1996-97Colorado Avalanche
42.2%
2000-01Colorado Avalanche
41.7%
1992-93Pittsburgh Penguins
40.7%
1998-99Dallas Stars
39.5%
2008-09San Jose Sharks
39.1%
1997-98Dallas Stars
36.3%
2014-15New York Rangers
35.8%
1989-90Boston Bruins
35.1%
2006-07Buffalo Sabres
32.5%
1991-92New York Rangers
29.6%
2009-10Washington Capitals
28.6%
1990-91Chicago Blackhawks
28.5%
2002-03Ottawa Senators
27.9%
1999-00St. Louis Blues
25.9%
2010-11Vancouver Canucks
17%

You're not logged in!

Compare scores with friends on all Sporcle quizzes.
OR
Log In

From the Vault

Most Well-Known Countries on Sporcle

by federick

If someone creates a quiz about the results of this quiz, it's very possible the world will end.
Remove Ads.
Support Sporcle.
Get the best of Sporcle when you Go Orange. This ad-free experience offers more features, more stats, and more fun while also helping to support Sporcle. Thank you for becoming a member.

Show Comments

Extras

Top Quizzes Today


Score Distribution

Your Account Isn't Verified!

In order to create a playlist on Sporcle, you need to verify the email address you used during registration. Go to your Sporcle Settings to finish the process.

Report this User

Report this user for behavior that violates our Community Guidelines.

Details: